Normal view
MARC view
Entry Topical Term
001 - CONTROL NUMBER
- control field: 26770
003 - CONTROL NUMBER IDENTIFIER
- control field: dpl
005 - DATE AND TIME OF LATEST TRANSACTION
- control field: 20110324111801.0
008 - FIXED-LENGTH DATA ELEMENTS
- fixed length control field: 110324|||a|||||| | ||| d
040 ## - CATALOGING SOURCE
- Original cataloging agency: dpl
- Transcribing agency: dpl
150 ## - HEADING--TOPICAL TERM
- Topical term or geographic name as entry element: Science
670 ## - SOURCE DATA FOUND
- Source citation: Work cat.: (dpl)13999: गुप्ता, मुकेश 26769, सामान्य एवं दैनिक विज्ञान /, 2007
670 ## - SOURCE DATA FOUND
- Source citation: Work cat.: (dpl)13999: गुप्ता, मुकेश 26769, सामान्य एवं दैनिक विज्ञान /, 2007
